000 01762cam a22004934i 4500
003 PE-LiUPU
005 20250731173541.0
008 150616s r 000 0 d
020 _a1850757402
035 _a(Sirsi) i9781850757405
040 _aPE-LiUPU
_bspa
_cPE-LiUPU
_erda
049 _aPRUA
082 0 4 _a220.7
_bT83
_221
245 0 0 _aText and Experience /
_ceditado por Daniel Smith-Christopher.
264 1 _aWiltshire, Inglaterra :
_bSheffield Academic Press,
_c1995.
300 _a354 páginas ;
_c23 centímetros
336 _atext
_2rdacontent
337 _aunmediated
_2rdamedia
338 _avolume
_2rdacarrier
490 0 _aThe Biblical Seminar ;
_v35
504 _aBibliografía al pie de páginas.
505 0 _aAnd your daughters shall prophesy.- The genre and function of apocalyptic literature in the african american experience.- The Bible as formative in a basic Christian community of Brazil.
526 _aSEG42
526 _aSEG41
526 _aSEG40
526 _aSEG39
526 _aP94
526 _aP87
526 _aP86
526 _aP85
526 _aP77
526 _aP76
526 _aP35
650 0 4 _aHermenéutica bíblica.
650 0 4 _aReligion y cultura.
700 1 _aSmith-Christopher, Daniel,
_eeditor.
910 _ajck
_bjvq
_cjck
942 _2ddc
_cBOOK
949 _a220.7 T83
_wDEWEY
_c1
_i42612
_lCCODEBUL1
_mBUL
_r0
_sY
_tBOOK
_u2015-6-16
_xTEOLOGIA
_zUNKNOWN
_0COMPRA
_o.STAFF. Colección General
994 _aC0
_bPEPRU
596 _a1
999 _a220.7 T83
_wDEWEY
_c60443
_i42612
_f2021-11-9
_g5
_lCCODEBUL1
_mBUL
_r0
_sY
_tBOOK
_u2015-6-16
_xTEOLOGIA
_zUNKNOWN
_0COMPRA
_o.STAFF. Colección General
_d60443
980 _81
_gALBERTO SANCHEZ Responsable de Automatización